[Event "SR 4. liga A21 2012/2013"]
[Site "?"]
[Date "2013.01.20"]
[Round "7.3"]
[White "Dzurjaninova, Hana"]
[Black "Lanik, Miroslav"]
[Result "1-0"]
[WhiteElo "1592"]
[BlackElo "1945"]
[PlyCount "81"]
[EventDate "2012.??.??"]

1. e4 c5 2. Nf3 d6 3. d4 cxd4 4. Nxd4 Nf6 5. Nc3 a6 6. Be2 e5 7. Nb3 Be7 8. Be3
O-O 9. O-O Be6 10. Bf3 Nbd7 11. Qd3 b5 12. Nd5 Bxd5 13. exd5 Nb6 14. Nd2 Qc7
15. b3 Nbd7 16. Ne4 Nxe4 17. Bxe4 Nf6 18. Bf3 Rac8 19. Rac1 Qa5 20. Ra1 Qc3 21.
Rfc1 Nd7 22. Be4 Qxd3 23. Bxd3 f5 24. f3 Bf6 25. Bxf5 Rc7 26. Be6+ Kh8 27. Bxd7
Rxd7 28. Rab1 Rc8 29. c4 b4 30. Rc2 Rdc7 31. Rbc1 Be7 32. Kf2 Kg8 33. Ke2 Kf7
34. Kd3 h6 35. Bb6 Rb7 36. Be3 Rbc7 37. Ke4 Kf6 38. Bb6 Rb7 39. c5 Bd8 40.
Bxd8+ Rxd8 41. cxd6 1-0

[Event "SR 4. liga A21 2012/2013"]
[Site "?"]
[Date "2013.01.20"]
[Round "7.3"]
[White "Fajnor, Dusan"]
[Black "Barcaj, Jaroslav"]
[Result "0-1"]
[WhiteElo "1000"]
[BlackElo "1586"]
[PlyCount "142"]
[EventDate "2012.??.??"]

1. e4 c5 2. Nf3 e6 3. c3 Nf6 4. Qc2 d6 5. Bc4 a6 6. a4 Be7 7. O-O O-O 8. Re1 e5
9. d3 Nc6 10. Bg5 Bd7 11. Nbd2 Qc7 12. h3 Rac8 13. Nh2 h6 14. Be3 Nd8 15. f4 b5
16. axb5 axb5 17. Bb3 Nc6 18. Bd5 Ra8 19. fxe5 Nxd5 20. exd5 Nxe5 21. Nhf3
Nxf3+ 22. Nxf3 Bf6 23. Qd2 Qb7 24. d4 c4 25. Bxh6 Qxd5 26. Bf4 Bf5 27. Qf2 Rfe8
28. Qg3 Rxa1 29. Rxa1 Re6 30. Ng5 Bxg5 31. Qxg5 Rg6 32. Qd8+ Kh7 33. Qh4+ Kg8
34. g4 Qf3 35. Re1 f6 36. Qg3 Bxg4 37. Qxf3 Bxf3+ 38. Kf2 Bd5 39. Re2 f5 40. h4
Kf7 41. Bg5 Be4 42. Kg3 d5 43. Kf4 Rb6 44. h5 b4 45. cxb4 Rxb4 46. Ke5 Rb3 47.
Rh2 Rb6 48. h6 Re6+ 49. Kf4 gxh6 50. Bxh6 Bd3 51. Bg5 Re4+ 52. Kf3 Rxd4 53. Rh4
Be4+ 54. Ke2 Kg6 55. Bd8 Bd3+ 56. Kf3 Rxh4 57. Bxh4 d4 58. Kf4 Be4 59. Bd8 c3
60. bxc3 dxc3 61. Ba5 c2 62. Bd2 Kf6 63. Ke3 Ke5 64. Bc3+ Kd5 65. Bb2 Kc4 66.
Kd2 f4 67. Be5 f3 68. Bg3 Kb3 69. Kc1 Kc3 70. Be5+ Kd3 71. Bg3 Ke2 0-1

[Event "SR 4. liga A21 2012/2013"]
[Site "?"]
[Date "2013.01.20"]
[Round "7.3"]
[White "Huska, Branislav"]
[Black "Hornik, Andrej"]
[Result "1-0"]
[WhiteElo "1574"]
[BlackElo "1366"]
[PlyCount "137"]
[EventDate "2012.??.??"]

1. e4 e5 2. Nf3 Nc6 3. Bb5 d6 4. c3 Bd7 5. O-O Nf6 6. Re1 Be7 7. d3 O-O 8. Nbd2
Re8 9. Nf1 a6 10. Ba4 b5 11. Bc2 Bg4 12. h3 Bh5 13. Ng3 Bg6 14. Nh4 Nd7 15.
Nxg6 fxg6 16. d4 exd4 17. cxd4 Rf8 18. Be3 Bg5 19. Rc1 Bxe3 20. Rxe3 Kh8 21.
Bb3 Ne7 22. e5 dxe5 23. dxe5 Nb6 24. Qxd8 Raxd8 25. Ne4 Rfe8 26. Ng5 Rd2 27.
Nf7+ Kg8 28. Nd6+ Kf8 29. Rf3+ Nf5 30. Rxc7 Re7 31. Rfc3 Nxd6 32. exd6 Rxd6 33.
Rf3+ Rf6 34. Rxf6+ gxf6 35. Rc6 Nd7 36. Rxa6 Re1+ 37. Kh2 Re2 38. Kg3 Rxb2 39.
Ra8+ Ke7 40. f4 Nc5 41. Bd5 Kd6 42. Rd8+ Kc7 43. Rg8 Kd6 44. Rd8+ Ke7 45. Ra8
Rd2 46. Bf3 h5 47. Ra5 Rb2 48. Bc6 g5 49. fxg5 fxg5 50. Rxb5 Ne4+ 51. Kh2 Rxb5
52. Bxb5 Nc3 53. a4 Kd6 54. h4 gxh4 55. Kh3 Ke5 56. Kxh4 Kf4 57. g3+ Kf3 58.
Be8 Kg2 59. a5 Nd5 60. Bxh5 Kf2 61. g4 Ke3 62. g5 Kd4 63. a6 Ke5 64. Bf3 Nc7
65. a7 Ke6 66. Kh5 Kf7 67. Kh6 Kg8 68. g6 Ne6 69. a8=Q+ 1-0

[Event "SR 4. liga A21 2012/2013"]
[Site "?"]
[Date "2013.01.20"]
[Round "7.3"]
[White "Krc, Miroslav"]
[Black "Tokos, Rastislav"]
[Result "0-1"]
[WhiteElo "1481"]
[BlackElo "1858"]
[PlyCount "104"]
[EventDate "2012.??.??"]

1. d4 d5 2. c4 c6 3. Nc3 Nf6 4. e3 g6 5. Nf3 Bg7 6. Be2 O-O 7. O-O Nbd7 8. cxd5
Nxd5 9. Nxd5 cxd5 10. b3 Nf6 11. Bb2 Bg4 12. Ne5 Bxe2 13. Qxe2 Nd7 14. Nxd7
Qxd7 15. Rac1 Rfc8 16. Qd2 e6 17. g3 Bf8 18. Rxc8 Rxc8 19. Rc1 Rc6 20. Rxc6
Qxc6 21. Qc3 Qb5 22. Qc8 Kg7 23. Qc7 h6 24. Qe5+ Kh7 25. Qc7 Kg8 26. Qc1 Qe2
27. a4 Bb4 28. Bc3 Bd6 29. Qd2 Qf3 30. Bb4 Bxb4 31. Qxb4 b6 32. Qc3 g5 33. Qc2
h5 34. Qc8+ Kh7 35. Qc2+ Kg7 36. Qc1 h4 37. Qf1 Kf6 38. gxh4 gxh4 39. h3 Kf5
40. b4 Qe4 41. a5 bxa5 42. bxa5 Qf3 43. Qb1+ Kf6 44. Qf1 Ke7 45. Qg2 Qd1+ 46.
Kh2 Qe1 47. Qg5+ Kd7 48. Qxh4 Qxa5 49. Qf4 Qc7 50. Qxc7+ Kxc7 51. h4 Kd7 52. h5
Ke7 0-1

[Event "SR 4. liga A21 2012/2013"]
[Site "?"]
[Date "2013.01.20"]
[Round "7.3"]
[White "Kubik, Peter"]
[Black "Lackovic, Marek"]
[Result "1/2-1/2"]
[WhiteElo "1720"]
[BlackElo "1552"]
[PlyCount "90"]
[EventDate "2012.??.??"]

1. e4 c5 2. Nf3 d6 3. d4 cxd4 4. Nxd4 Nf6 5. Nc3 a6 6. Bg5 e5 7. Nb3 Be6 8.
Bxf6 Qxf6 9. Nd5 Qd8 10. Be2 Nd7 11. Qd2 Nb6 12. c4 Rc8 13. Rc1 Nxd5 14. cxd5
Rxc1+ 15. Nxc1 Bd7 16. b4 Be7 17. O-O O-O 18. Nb3 Qb6 19. Kh1 h6 20. a3 Ba4 21.
Na5 Rc8 22. Bd1 Bxd1 23. Rxd1 Rc7 24. g3 Bd8 25. h4 Qb5 26. Kg2 Rc8 27. Nb3 Bb6
28. Rc1 Rxc1 29. Nxc1 Qc4 30. Kf3 f6 31. Ne2 Kf7 32. Qc3 Qxc3+ 33. Nxc3 Bd4 34.
Nb1 g6 35. g4 Ke7 36. Ke2 Kd7 37. f3 Kc7 38. h5 g5 39. Kd3 Kb6 40. Kc4 Kc7 41.
a4 b6 42. Nd2 Bf2 43. b5 a5 44. Kd3 Bg3 45. Nf1 Bf4 1/2-1/2

[Event "SR 4. liga A21 2012/2013"]
[Site "?"]
[Date "2013.01.20"]
[Round "7.4"]
[White "Celustkova, Lubica"]
[Black "Sadlon, Juraj"]
[Result "1/2-1/2"]
[WhiteElo "1611"]
[BlackElo "1804"]
[PlyCount "94"]
[EventDate "2012.??.??"]

1. e4 e5 2. Nf3 Nc6 3. Bb5 a6 4. Ba4 Nf6 5. O-O b5 6. Bb3 Be7 7. Re1 O-O 8. c3
d6 9. h3 Na5 10. Bc2 c5 11. d4 Qc7 12. d5 Nc4 13. b3 Nb6 14. Nbd2 Bd7 15. Nf1
a5 16. Ng3 c4 17. Qd2 Rfc8 18. Bb2 cxb3 19. axb3 a4 20. Nh4 axb3 21. Bxb3 Rxa1
22. Bxa1 Nc4 23. Qc1 g6 24. f4 Nxd5 25. Nxg6 hxg6 26. exd5 Qc5+ 27. Kh2 Qxd5
28. fxe5 dxe5 29. Rd1 Qc6 30. Bxc4 bxc4 31. Rf1 Kg7 32. Qe3 Qc5 33. Qf3 f5 34.
Bb2 Bc6 35. Qe2 Rd8 36. Bc1 Qd5 37. Nxf5+ gxf5 38. Rxf5 Qe4 39. Qf2 Bh4 40.
Rg5+ Bxg5 41. Bxg5 Rd6 42. Be7 Rg6 43. Qf8+ Kh7 44. Qf7+ Kh8 45. Bf6+ Rxf6 46.
Qxf6+ Kh7 47. Qf7+ Kh6 1/2-1/2

[Event "SR 4. liga A21 2012/2013"]
[Site "?"]
[Date "2013.01.20"]
[Round "7.4"]
[White "Nemeckay, Rastislav"]
[Black "Pericka, Tomas"]
[Result "1-0"]
[WhiteElo "1980"]
[BlackElo "2029"]
[PlyCount "37"]
[EventDate "2012.??.??"]

1. e4 c5 2. b3 d6 3. Bb2 Nf6 4. Bb5+ Nc6 5. Bxc6+ bxc6 6. Bxf6 gxf6 7. Ne2 Rg8
8. Ng3 Bg4 9. f3 Bd7 10. O-O f5 11. exf5 Bg7 12. c3 Qc8 13. Qe2 h5 14. Nxh5 Bh6
15. Nf6+ Kf8 16. Nxg8 Kxg8 17. Qxe7 Bxf5 18. Qxd6 Bg7 19. Na3 1-0

[Event "SR 4. liga A21 2012/2013"]
[Site "?"]
[Date "2013.01.20"]
[Round "7.4"]
[White "Sadlon, Matus"]
[Black "Klimes, Juraj"]
[Result "1-0"]
[WhiteElo "1596"]
[BlackElo "1611"]
[PlyCount "79"]
[EventDate "2012.??.??"]

1. e4 e5 2. Nf3 Nf6 3. Nc3 Nc6 4. Bb5 d6 5. d4 exd4 6. Nxd4 Bd7 7. Nxc6 bxc6 8.
Bc4 Be7 9. h3 O-O 10. O-O Be6 11. Bb3 Qd7 12. Qf3 Rad8 13. Be3 c5 14. Rfd1 Qc6
15. Rd2 Qb7 16. Nd5 Nxd5 17. exd5 Bd7 18. c4 f5 19. Re2 Bf6 20. Rb1 Qa6 21. Ra1
Ba4 22. Bxa4 Qxa4 23. b3 Qa6 24. Rae1 Rfe8 25. Bc1 Rxe2 26. Rxe2 Qc8 27. Re6
Re8 28. Qxf5 Rxe6 29. dxe6 Qd8 30. Qe4 Qe8 31. f4 Bd4+ 32. Kf1 c6 33. g4 g6 34.
f5 gxf5 35. gxf5 Kf8 36. Bg5 Kg7 37. Qg4 h5 38. Qg3 Be5 39. Bf4+ Kf6 40. Qg5#
1-0

[Event "SR 4. liga A21 2012/2013"]
[Site "?"]
[Date "2013.01.20"]
[Round "7.4"]
[White "Skapik, Branislav"]
[Black "Klimes, Karel"]
[Result "1-0"]
[WhiteElo "1857"]
[BlackElo "1724"]
[PlyCount "89"]
[EventDate "2012.??.??"]

1. e4 e5 2. Nf3 Nc6 3. Bb5 d6 4. d4 exd4 5. Nxd4 Bd7 6. Nc3 Ne5 7. Bxd7+ Qxd7
8. f4 Nc6 9. Be3 Nf6 10. h3 a6 11. Qf3 g6 12. O-O-O O-O-O 13. Nxc6 Qxc6 14. Bd4
Bg7 15. Nd5 Qa4 16. Bxf6 Bxf6 17. Nxf6 Qxa2 18. Qb3 Qa1+ 19. Kd2 Qa5+ 20. Qc3
Qb6 21. Nd5 Qf2+ 22. Kc1 c6 23. Rd2 Qh4 24. g3 Qh5 25. g4 Qh6 26. g5 Qh4 27.
Ne7+ Kd7 28. Qf6 Kc7 29. e5 d5 30. e6 fxe6 31. Qe5+ Kb6 32. Rd3 Rhf8 33. Rb3+
Ka7 34. Nxc6+ Ka8 35. Nxd8 Rxd8 36. Qc7 Rb8 37. Rf1 h6 38. Kb1 Qh5 39. gxh6
Qxh6 40. Rff3 Qh4 41. Ra3 Ka7 42. Rfb3 Qe1+ 43. Ka2 Qe2 44. Rxa6+ Qxa6+ 45. Ra3
1-0

[Event "SR 4. liga A21 2012/2013"]
[Site "?"]
[Date "2013.01.20"]
[Round "7.5"]
[White "Blanarik, Dominik"]
[Black "Madzo, Anton"]
[Result "0-1"]
[WhiteElo "1538"]
[BlackElo "1545"]
[PlyCount "68"]
[EventDate "2012.??.??"]

1. e4 e5 2. Nf3 d6 3. d4 exd4 4. Nxd4 Bd7 5. Bc4 Nf6 6. Bg5 Be7 7. Nc3 O-O 8.
Bxf6 Bxf6 9. O-O Nc6 10. Nf3 Ne5 11. Nxe5 Bxe5 12. Nd5 c6 13. Ne3 Qh4 14. h3
Bxh3 15. gxh3 Qxh3 16. Ng4 Bf4 17. f3 h5 18. Qe2 hxg4 19. fxg4 Be3+ 20. Rf2
Bxf2+ 21. Kxf2 Qh2+ 22. Ke3 Qxe2+ 23. Kxe2 g5 24. Rd1 Rad8 25. b4 Kg7 26. Bd3
f6 27. Rh1 Rh8 28. Rxh8 Rxh8 29. Kf3 Kf7 30. a4 c5 31. b5 Ke6 32. a5 b6 33. a6
Ke5 34. c4 Rh3+ 0-1

[Event "SR 4. liga A21 2012/2013"]
[Site "?"]
[Date "2013.01.20"]
[Round "7.5"]
[White "Dubecky, Ladislav"]
[Black "Smrek, Peter"]
[Result "0-1"]
[WhiteElo "1557"]
[BlackElo "1845"]
[PlyCount "50"]
[EventDate "2012.??.??"]

1. e4 e5 2. f4 exf4 3. Nf3 Nc6 4. Bc4 d6 5. O-O Ne5 6. Nxe5 dxe5 7. Bxf7+ Kxf7
8. Qh5+ Ke6 9. Nc3 Qd4+ 10. Kh1 Nf6 11. Qf3 Kf7 12. h3 Bd6 13. Nb5 Qc4 14. Nc3
c6 15. d3 Qe6 16. b3 g5 17. Qd1 Bd7 18. Ne2 Rag8 19. Ng1 h5 20. Rf2 Bc5 21. Rd2
Ng4 22. Qf3 Ne3 23. Qe2 g4 24. h4 Qf6 25. g3 fxg3 0-1

[Event "SR 4. liga A21 2012/2013"]
[Site "?"]
[Date "2013.01.20"]
[Round "7.5"]
[White "Kovarik, Oto"]
[Black "Lajda, Dusan"]
[Result "1/2-1/2"]
[WhiteElo "1979"]
[BlackElo "1838"]
[PlyCount "118"]
[EventDate "2012.??.??"]

1. e4 c5 2. Nf3 d6 3. d4 cxd4 4. Nxd4 Nf6 5. Nc3 g6 6. Be2 Bg7 7. Be3 a6 8. O-O
O-O 9. h3 Nbd7 10. Qd2 b5 11. Nc6 Qe8 12. a4 bxa4 13. f3 Nc5 14. Nb4 Bb7 15.
Nd3 Nxd3 16. cxd3 Bc6 17. d4 Nd7 18. Rfc1 Nb8 19. Bd1 Qd7 20. Nxa4 Qb7 21. Nc3
Nd7 22. Ra5 Rfe8 23. Ra2 Nb6 24. Be2 a5 25. Nb5 a4 26. Nc3 Rec8 27. Rca1 Bd7
28. Qd1 Nc4 29. Bxc4 Rxc4 30. Nxa4 Rac8 31. Nc3 Qb6 32. Nd5 Qd8 33. Ra7 e6 34.
Rxd7 Qxd7 35. Nb6 Qb7 36. Nxc8 Rxc8 37. Rc1 Rb8 38. Qd2 h5 39. Rc2 Kh7 40. Qc3
Kg8 41. e5 dxe5 42. dxe5 Qd5 43. f4 Bf8 44. Qd4 Qb3 45. Qc3 Qd5 46. Rd2 Qe4 47.
Qd4 Qb1+ 48. Kh2 Qe1 49. Bf2 Qc1 50. Qc3 Qb1 51. Qc2 Qa2 52. Bd4 Qd5 53. Ba7
Rc8 54. Qxc8 Qxd2 55. Qc3 Qxf4+ 56. Kg1 Qe4 57. Bd4 f5 58. b3 Bh6 59. b4 Bf4
1/2-1/2

[Event "SR 4. liga A21 2012/2013"]
[Site "?"]
[Date "2013.01.20"]
[Round "7.5"]
[White "Lanyi, Frantisek"]
[Black "Cerovsky, Marian"]
[Result "1/2-1/2"]
[WhiteElo "1737"]
[BlackElo "1764"]
[PlyCount "51"]
[EventDate "2012.??.??"]

1. e4 e5 2. Nf3 d6 3. d4 exd4 4. Nxd4 c6 5. Bd3 Nd7 6. O-O Be7 7. Nc3 Ne5 8.
Be2 Nf6 9. f4 Ng6 10. Be3 O-O 11. h3 Qc7 12. Nf3 b5 13. Bd3 Re8 14. Ne2 a6 15.
Ng3 c5 16. c3 Bb7 17. f5 Ne5 18. Nxe5 dxe5 19. Qc2 c4 20. Be2 Bc5 21. Bxc5
Qxc5+ 22. Kh2 Qe3 23. Bf3 Rad8 24. Rad1 Qb6 25. Rxd8 Rxd8 26. Rd1 1/2-1/2

[Event "SR 4. liga A21 2012/2013"]
[Site "?"]
[Date "2013.01.20"]
[Round "7.5"]
[White "Podjavorinsky, Peter"]
[Black "Pisecky, Jan"]
[Result "0-1"]
[WhiteElo "1720"]
[BlackElo "1522"]
[PlyCount "96"]
[EventDate "2012.??.??"]

1. e4 c5 2. Nf3 Nc6 3. Bc4 e6 4. d4 cxd4 5. Nxd4 Ne5 6. Bb3 Nf6 7. Qe2 Qb6 8.
c3 a6 9. h3 Be7 10. Be3 Bc5 11. Nd2 Qa7 12. a4 b6 13. f4 Ng6 14. f5 Ne5 15.
fxe6 dxe6 16. Bg5 Be7 17. Bf4 Qc7 18. O-O Bd6 19. Rad1 O-O 20. Kh1 Bd7 21. Bg5
Be7 22. Bf4 Qc5 23. Be3 Qc7 24. Bf4 Bd6 25. Bg5 Ne8 26. Bf4 Ng6 27. Bxd6 Qxd6
28. Qf2 Ne5 29. N2f3 Nf6 30. Nxe6 Nd3 31. Rxd3 Qxd3 32. Rd1 Nxe4 33. Qe1 Qf1+
34. Qxf1 Ng3+ 35. Kg1 Bxe6 36. Qf2 Bxb3 37. Re1 Nf5 38. Ne5 g6 39. Nd7 Rfd8 40.
Nxb6 Rab8 41. a5 Nd6 42. Re7 Nf5 43. Ra7 Rd1+ 44. Kh2 Re8 45. g4 Ne3 46. Kg3 g5
47. Ra8 Nf1+ 48. Kg2 Rxa8 0-1

[Event "SR 4. liga A21 2012/2013"]
[Site "?"]
[Date "2013.01.20"]
[Round "7.6"]
[White "Bango, Lukas"]
[Black "Zlamal, Marek"]
[Result "0-1"]
[WhiteElo "1722"]
[BlackElo "1551"]
[PlyCount "75"]
[EventDate "2012.??.??"]

1. Nf3 Nf6 2. c4 c5 3. b3 Nc6 4. g3 e5 5. d3 d6 6. Bb2 Be7 7. Bg2 O-O 8. O-O
Ne8 9. e3 Bg4 10. h3 Bh5 11. Nc3 f5 12. Qd2 Nc7 13. Ne2 Bf6 14. a3 a5 15. Rfd1
Qd7 16. e4 Bg6 17. Ne1 Ne6 18. Nc2 b6 19. b4 Bg5 20. f4 exf4 21. gxf4 fxe4 22.
fxg5 exd3 23. b5 dxe2 24. Qxe2 Nf4 25. Qd2 Nxg2 26. bxc6 Qxc6 27. Qxg2 Qxg2+
28. Kxg2 Bxc2 29. Rxd6 Be4+ 30. Kg1 Rf3 31. Rxb6 Raf8 32. Be5 R3f5 33. Bg3 Rxg5
34. Kh2 Rd8 35. Rd1 Rxd1 36. Rb8+ Kf7 37. Rb7+ Kg6 38. Rb6+ 0-1

[Event "SR 4. liga A21 2012/2013"]
[Site "?"]
[Date "2013.01.20"]
[Round "7.6"]
[White "Harasta, Juraj"]
[Black "Slobodnik, Michal"]
[Result "1/2-1/2"]
[WhiteElo "1698"]
[BlackElo "1785"]
[PlyCount "41"]
[EventDate "2012.??.??"]

1. e4 d6 2. Nf3 Nf6 3. Nc3 g6 4. Bc4 Bg7 5. d3 Nc6 6. Bg5 Bg4 7. h3 Bxf3 8.
Qxf3 O-O 9. Qe3 Qd7 10. Bh6 e5 11. Nd5 Nxd5 12. Bxd5 Nd4 13. Bb3 Nxb3 14. axb3
f5 15. Bxg7 Kxg7 16. f3 c5 17. h4 f4 18. Qd2 b6 19. h5 g5 20. g4 a6 21. c4
1/2-1/2

[Event "SR 4. liga A21 2012/2013"]
[Site "?"]
[Date "2013.01.20"]
[Round "7.6"]
[White "Jablonicky, Martin"]
[Black "Jarabek, Milan"]
[Result "1/2-1/2"]
[WhiteElo "1827"]
[BlackElo "1663"]
[PlyCount "46"]
[EventDate "2012.??.??"]

1. e4 c5 2. c4 Nc6 3. Ne2 g6 4. d4 cxd4 5. Nxd4 Bg7 6. Be3 d6 7. Nc3 Nf6 8. Be2
O-O 9. f3 a6 10. Qd2 Qc7 11. Rc1 Nxd4 12. Bxd4 Be6 13. b3 Rac8 14. O-O Bd7 15.
Rfd1 Rfe8 16. Kh1 Qa5 17. Bxf6 Bxf6 18. Nd5 Qxd2 19. Nxf6+ exf6 20. Rxd2 Rc6
21. c5 Rec8 22. b4 Be6 23. a4 dxc5 1/2-1/2

[Event "SR 4. liga A21 2012/2013"]
[Site "?"]
[Date "2013.01.20"]
[Round "7.6"]
[White "Kavon, Rastislav"]
[Black "Berger, Patrik"]
[Result "1-0"]
[WhiteElo "1943"]
[BlackElo "1930"]
[PlyCount "65"]
[EventDate "2012.??.??"]

1. e4 d6 2. d4 Nf6 3. Nc3 g6 4. f4 Bg7 5. Nf3 O-O 6. Bd3 Bg4 7. O-O c5 8. d5
Na6 9. h3 Bxf3 10. Rxf3 Nc7 11. Be3 b5 12. Nxb5 Nxb5 13. Bxb5 Nxe4 14. Bd3 f5
15. c3 Qd7 16. Qc2 Rab8 17. Rd1 Nf6 18. Bc1 Qb7 19. Qe2 Kh8 20. c4 Rfe8 21. Kh2
Qd7 22. Re3 Rb7 23. Re1 Kg8 24. Re6 Kf7 25. g4 fxg4 26. hxg4 Reb8 27. b3 a5 28.
g5 Nh5 29. f5 Be5+ 30. Kg2 Ng3 31. fxg6+ hxg6 32. Qf3+ Ke8 33. R1xe5 1-0

[Event "SR 4. liga A21 2012/2013"]
[Site "?"]
[Date "2013.01.20"]
[Round "7.6"]
[White "Vepy, Ivan"]
[Black "Mackovic, Matus"]
[Result "1-0"]
[WhiteElo "1921"]
[BlackElo "1871"]
[PlyCount "119"]
[EventDate "2012.??.??"]

1. e4 c6 2. d4 d5 3. exd5 cxd5 4. Bd3 Nc6 5. c3 Nf6 6. Ne2 e5 7. dxe5 Nxe5 8.
Bc2 Be7 9. O-O O-O 10. Bg5 Be6 11. Nd2 Qc7 12. Bh4 Rfd8 13. Nd4 Bg4 14. Qe1 a6
15. Kh1 Re8 16. f3 Bd7 17. Qf2 Ng6 18. Bg3 Bd6 19. Bxd6 Qxd6 20. Rae1 Rxe1 21.
Rxe1 Re8 22. Nf1 Rxe1 23. Qxe1 Qe5 24. Qf2 Ne7 25. Ng3 Ne8 26. Qd2 Nd6 27. b3
Nef5 28. f4 Qe3 29. Qxe3 Nxe3 30. Kg1 Nxc2 31. Nxc2 Nb5 32. Ne2 Bg4 33. Ncd4
Bxe2 34. Nxe2 Kf8 35. Kf2 Ke7 36. Ke3 Ke6 37. a4 Na7 38. Nd4+ Kd7 39. g4 Nc6
40. h4 Nxd4 41. Kxd4 Kd6 42. a5 f6 43. f5 Kc6 44. b4 Kd6 45. g5 h6 46. gxh6
gxh6 47. h5 Kc6 48. c4 dxc4 49. Kxc4 Kd6 50. b5 Ke5 51. Kc5 Kxf5 52. bxa6 bxa6
53. Kb6 Kg5 54. Kxa6 f5 55. Kb5 f4 56. Kc4 Kg4 57. Kd3 Kg3 58. a6 f3 59. a7 f2
60. Ke2 1-0

[Event "SR 4. liga A21 2012/2013"]
[Site "?"]
[Date "2013.02.03"]
[Round "8.1"]
[White "Harasta, Juraj"]
[Black "Vagovic, Milan"]
[Result "1-0"]
[WhiteElo "1698"]
[BlackElo "1725"]
[PlyCount "83"]
[EventDate "2012.??.??"]

1. e4 c6 2. Nf3 d5 3. exd5 cxd5 4. d4 Nc6 5. Bb5 a6 6. Ba4 b5 7. Bb3 e6 8. Bf4
Bd6 9. Bxd6 Qxd6 10. O-O Nf6 11. Nbd2 O-O 12. Qe2 Re8 13. c3 Bd7 14. Bc2 h6 15.
Nb3 e5 16. dxe5 Nxe5 17. Nxe5 Rxe5 18. Qd2 Rae8 19. Rae1 Rxe1 20. Rxe1 Rxe1+
21. Qxe1 Ng4 22. g3 Ne5 23. Nd4 g6 24. Qd2 Kg7 25. Bb3 Bg4 26. Bxd5 Qf6 27. f4
Nc4 28. Bxc4 bxc4 29. Nc2 Be6 30. Qd4 Qxd4+ 31. Nxd4 Kf6 32. Nxe6 Kxe6 33. Kf2
f5 34. Ke3 Kd5 35. b4 cxb3 36. axb3 a5 37. Kd3 g5 38. fxg5 hxg5 39. h4 g4 40.
Ke3 Ke5 41. h5 Kf6 42. Kf4 1-0

[Event "SR 4. liga A21 2012/2013"]
[Site "?"]
[Date "2013.02.03"]
[Round "8.1"]
[White "Kupkovic, Miroslav"]
[Black "Jarabek, Milan"]
[Result "1/2-1/2"]
[WhiteElo "1799"]
[BlackElo "1663"]
[PlyCount "98"]
[EventDate "2012.??.??"]

1. d4 Nf6 2. c4 g6 3. g3 Bg7 4. Bg2 d6 5. Nc3 O-O 6. Nf3 Bg4 7. Qb3 Nbd7 8. h3
Bxf3 9. Bxf3 e5 10. Qxb7 Rb8 11. Qxa7 exd4 12. Qxd4 Nc5 13. Qd1 Qd7 14. Bg2
Rfe8 15. Rb1 Qf5 16. Be3 Rxe3 17. fxe3 Nfe4 18. Nxe4 Nxe4 19. Bxe4 Qxe4 20. Kf2
Qf5+ 21. Kg2 Qe4+ 22. Kf2 Qf5+ 23. Kg2 Qe4+ 24. Kh2 Qxe3 25. Rf1 Be5 26. Rf3
Qg5 27. Qd5 Rf8 28. Rbf1 h5 29. Kg2 c6 30. Qxc6 f5 31. Qd5+ Kg7 32. c5 h4 33.
g4 fxg4 34. Rxf8 gxh3+ 35. Kh1 Qg3 36. Rg8+ Kh6 37. Qd2+ Kh7 38. e4 Kxg8 39.
Qd5+ Kh7 40. Qf7+ Kh6 41. Qf8+ Kh5 42. Qf3+ Kh6 43. Qxg3 hxg3 44. Rc1 g2+ 45.
Kg1 Bd4+ 46. Kh2 Kh5 47. c6 Kh4 48. Rd1 Be3 49. c7 Bf4+ 1/2-1/2

[Event "SR 4. liga A21 2012/2013"]
[Site "?"]
[Date "2013.02.03"]
[Round "8.1"]
[White "Piestansky, Jan"]
[Black "Zlamal, Marek"]
[Result "0-1"]
[WhiteElo "1588"]
[BlackElo "1551"]
[PlyCount "104"]
[EventDate "2012.??.??"]

1. e4 c5 2. Nf3 Nc6 3. Bc4 e5 4. c3 d6 5. h3 Be6 6. Bb5 a6 7. Bxc6+ bxc6 8. d3
h6 9. Be3 Nf6 10. O-O Be7 11. Nh2 O-O 12. f4 exf4 13. Bxf4 Nh7 14. Nd2 f5 15.
Qe2 fxe4 16. Nxe4 Bf5 17. Rae1 Rf7 18. Ng4 Ng5 19. Ng3 Bg6 20. Bxg5 Rxf1+ 21.
Rxf1 Bxg5 22. Qe6+ Kh7 23. Ne4 Be7 24. Rf3 d5 25. Nef2 Qd6 26. Re3 Re8 27. Qxd6
Bxd6 28. Rxe8 Bxe8 29. Ne3 Bf4 30. Nf5 Kg6 31. g4 Bd7 32. Nh4+ Kf6 33. Kg2 g6
34. Nf3 h5 35. gxh5 gxh5 36. Ne1 Bf5 37. h4 Bc1 38. b3 Bd2 39. Nc2 Bxc3 40. Ne3
Bd4 41. Nxf5 Bxf2 42. Kxf2 Kxf5 43. Kf3 a5 44. a4 Ke6 45. Kf4 Kf6 46. Ke3 Ke5
47. Kf3 Kd4 48. Kf4 Kxd3 49. Kg5 Kc2 50. Kxh5 d4 51. Kg6 d3 52. h5 d2 0-1

[Event "SR 4. liga A21 2012/2013"]
[Site "?"]
[Date "2013.02.03"]
[Round "8.1"]
[White "Slaby, Jozef"]
[Black "Berger, Patrik"]
[Result "1-0"]
[WhiteElo "1890"]
[BlackElo "1930"]
[PlyCount "85"]
[EventDate "2012.??.??"]

1. d4 Nf6 2. c4 g6 3. Nc3 Bg7 4. e4 d6 5. f3 O-O 6. Be3 Nc6 7. a3 a5 8. Bd3 e5
9. d5 Nd4 10. Nb5 Nh5 11. g3 f5 12. exf5 Nxb5 13. cxb5 gxf5 14. Qd2 e4 15. Be2
Qe7 16. O-O-O Nf6 17. Bh6 Bd7 18. Bxg7 Kxg7 19. a4 Rae8 20. f4 e3 21. Qd4 Qf7
22. Nf3 Re4 23. Qc3 h6 24. b3 Kh7 25. Bc4 Rfe8 26. Rde1 e2 27. Qd2 Re3 28. Ne5
Qg7 29. Qxe3 dxe5 30. Qc3 Ne4 31. Qb2 Nf2 32. Rhg1 c6 33. Rxe2 Ne4 34. bxc6
bxc6 35. Rge1 exf4 36. Qxg7+ Kxg7 37. gxf4 cxd5 38. Bxd5 Nc3 39. Rxe8 Bxe8 40.
Rxe8 Nxd5 41. Re5 Nxf4 42. Rxf5 Ne2+ 43. Kb2 1-0

[Event "SR 4. liga A21 2012/2013"]
[Site "?"]
[Date "2013.02.03"]
[Round "8.1"]
[White "Vepy, Ivan"]
[Black "Pripko, Bystrik"]
[Result "1-0"]
[WhiteElo "1921"]
[BlackElo "1815"]
[PlyCount "77"]
[EventDate "2012.??.??"]

1. e4 e5 2. Bc4 Nf6 3. Nc3 Bc5 4. Nge2 h6 5. O-O O-O 6. d3 d6 7. h3 Nc6 8. a3
a6 9. Kh1 Ne7 10. f4 exf4 11. Nxf4 Kh8 12. Qf3 Ng6 13. Nh5 Ne5 14. Qe2 Nh7 15.
Ba2 Be6 16. Bd2 Bxa2 17. Rxa2 Ng6 18. Raa1 Bd4 19. Rab1 Nf6 20. Nd1 Nxh5 21.
Qxh5 Qh4 22. Qd5 Be5 23. d4 Bf4 24. Bxf4 Nxf4 25. Qb3 Ne2 26. Kh2 Qxe4 27. Nc3
Nxd4 28. Nxe4 Nxb3 29. cxb3 Rae8 30. Nc3 g5 31. Rf6 Kg7 32. Rbf1 Re3 33. Nd5
Rxb3 34. Nxc7 Rxb2 35. Ne6+ fxe6 36. Rxf8 Rb3 37. R8f7+ Kg6 38. R1f6+ Kh5 39.
g4+ 1-0

[Event "SR 4. liga A21 2012/2013"]
[Site "?"]
[Date "2013.02.03"]
[Round "8.2"]
[White "Bango, Lukas"]
[Black "Smrek, Peter"]
[Result "1-0"]
[WhiteElo "1722"]
[BlackElo "1845"]
[PlyCount "163"]
[EventDate "2012.??.??"]

1. d4 c5 2. d5 e6 3. c4 exd5 4. cxd5 Nf6 5. Nc3 d6 6. e4 Be7 7. Nf3 Nbd7 8. Bd3
a6 9. a4 Ng4 10. Nd2 Nde5 11. Be2 Bh4 12. O-O Bxf2+ 13. Rxf2 Qh4 14. Bxg4 Nxg4
15. g3 Nxf2 16. gxh4 Nxd1 17. Nxd1 O-O 18. Nc4 f5 19. Nxd6 fxe4 20. Nxe4 Bf5
21. Nxc5 Bh3 22. Nf2 Bc8 23. Bg5 b6 24. Nce4 h6 25. Be7 Rf5 26. Rd1 Bb7 27. d6
Kf7 28. Rc1 Rc8 29. Rxc8 Bxc8 30. Bd8 Bd7 31. Bxb6 Rh5 32. Nc5 Ke8 33. Nfd3 Bf5
34. Ne5 Rxh4 35. d7+ Bxd7 36. Nexd7 Rb4 37. Bc7 Rxb2 38. Be5 Rb1+ 39. Kf2 g6
40. Nb8 a5 41. Nc6 Rc1 42. Bd4 Rc2+ 43. Kg3 Rc4 44. Be3 Rc3 45. Kf4 Rc2 46. h3
g5+ 47. Kf3 Rh2 48. Kg3 Rb2 49. Bf2 h5 50. Nxa5 Kd8 51. Kf3 Ra2 52. Nab3 g4+
53. hxg4 hxg4+ 54. Kg3 Kc7 55. Bd4 Kc6 56. Kxg4 Kd5 57. Bf6 Kc4 58. Be7 Rxa4
59. Nxa4 Kxb3 60. Nb6 Kc3 61. Bc5 Kd3 62. Kf3 Kd2 63. Ke4 Ke2 64. Nc4 Kf1 65.
Kf3 Ke1 66. Bb4+ Kf1 67. Bc5 Ke1 68. Be3 Kf1 69. Nd2+ Ke1 70. Ne4 Kf1 71. Ng3+
Ke1 72. Ke4 Kd1 73. Kd3 Ke1 74. Bd4 Kd1 75. Bc3 Kc1 76. Nf1 Kb1 77. Kc4 Kc2 78.
Ne3+ Kc1 79. Kb4 Kb1 80. Kb3 Kc1 81. Bb4 Kb1 82. Ba3 1-0